[Event "21. Torneo San Viator 2013"]
[Site "Madrid ESP"]
[Date "2013.10.27"]
[Round "6.19"]
[White "Martin Mazuelo, Miguel"]
[Black "Alonso Penalver, Angel"]
[Result "1-0"]
[WhiteElo "1992"]
[BlackElo "1762"]
[PlyCount "107"]
[EventDate "2013.09.29"]
[EventType "swiss"]
[EventRounds "9"]
[EventCountry "ESP"]
[SourceTitle "Ajedrez en Madrid"]
[Source "lmi"]
[SourceDate "2013.09.29"]
[SourceVersion "1"]
[SourceVersionDate "2013.12.25"]
[SourceQuality "1"]

1. e4 e5 2. Bc4 Nf6 3. d4 Nc6 4. Nf3 Bd6 5. Nc3 a6 6. Bg5 h6 7. Bh4 exd4 8.
Nxd4 Ne5 9. Bb3 Ng6 10. Bg3 Bxg3 11. hxg3 d6 12. Qd2 Bd7 13. O-O-O O-O 14. Nf5
Bxf5 15. exf5 Ne7 16. Rxh6 gxh6 17. Qxh6 Nxf5 18. Qg6+ Ng7 19. Rh1 Qe7 20. Nd5
Qe1+ 21. Rxe1 fxg6 22. Nxf6+ Kh8 23. Rh1+ Nh5 24. Nxh5 gxh5 25. Rxh5+ Kg7 26.
f4 Rae8 27. Kd2 c6 28. c3 Re7 29. Bd1 Rfe8 30. Rg5+ Kf6 31. Bh5 Rd8 32. g4 Rg7
33. Rxg7 Kxg7 34. g5 Rh8 35. g4 d5 36. f5 Rd8 37. Ke3 c5 38. f6+ Kf8 39. g6 d4+
40. cxd4 cxd4+ 41. Kd3 b5 42. g5 Rd5 43. g7+ Kg8 44. Bd1 Rxg5 45. Bb3+ Kh7 46.
g8=Q+ Rxg8 47. Bxg8+ Kxg8 48. Kxd4 Kf7 49. Ke5 a5 50. b3 a4 51. b4 Kf8 52. Ke6
Ke8 53. a3 Kf8 54. f7 1-0

[Event "21. Torneo San Viator 2013"]
[Site "Madrid ESP"]
[Date "2013.10.27"]
[Round "6.20"]
[White "Soto Martin, Pablo"]
[Black "Zhynguel Ramirez De Verger, Al"]
[Result "1/2-1/2"]
[WhiteElo "1740"]
[BlackElo "1877"]
[PlyCount "90"]
[EventDate "2013.09.29"]
[EventType "swiss"]
[EventRounds "9"]
[EventCountry "ESP"]
[SourceTitle "Ajedrez en Madrid"]
[Source "lmi"]
[SourceDate "2013.09.29"]
[SourceVersion "1"]
[SourceVersionDate "2013.12.25"]
[SourceQuality "1"]

1. e4 c5 2. Nf3 Nc6 3. Bb5 g6 4. O-O Bg7 5. Bxc6 bxc6 6. Re1 Nf6 7. e5 Nd5 8.
c4 Nb6 9. d4 cxd4 10. Qxd4 O-O 11. Nc3 Bb7 12. b3 d6 13. Qh4 dxe5 14. Nxe5 f6
15. Nf3 e5 16. Bh6 c5 17. Bxg7 Kxg7 18. Rad1 Qe8 19. Ne4 Qc6 20. Rd6 Qc7 21.
Red1 Bxe4 22. Qxe4 Rad8 23. R6d3 Rfe8 24. Qe3 Rxd3 25. Rxd3 e4 26. Nd2 Re7 27.
Rc3 f5 28. Rc1 Rd7 29. Qc3+ Kg8 30. Nf1 Rd3 31. Qf6 Qd6 32. Qg5 Nc8 33. Rc2 Ne7
34. Rd2 f4 35. Rxd3 exd3 36. Nd2 Nf5 37. Qg4 Qe5 38. Qd1 Nd4 39. Kf1 Nc2 40.
Nf3 Qc3 41. Ne1 Nxe1 42. Qxe1 Qf6 43. Qe8+ Kg7 44. Qd7+ Kg8 45. Qe8+ Kg7
1/2-1/2

[Event "21. Torneo San Viator 2013"]
[Site "Madrid ESP"]
[Date "2013.10.27"]
[Round "6.21"]
[White "Sirera Ripoll, Jose"]
[Black "Perez Sempere, Alberto"]
[Result "1-0"]
[WhiteElo "1726"]
[BlackElo "1875"]
[PlyCount "87"]
[EventDate "2013.09.29"]
[EventType "swiss"]
[EventRounds "9"]
[EventCountry "ESP"]
[SourceTitle "Ajedrez en Madrid"]
[Source "lmi"]
[SourceDate "2013.09.29"]
[SourceVersion "1"]
[SourceVersionDate "2013.12.25"]
[SourceQuality "1"]

1. e4 c5 2. Nf3 Nc6 3. d4 cxd4 4. Nxd4 g6 5. c4 Bg7 6. Be3 Nf6 7. Nc3 O-O 8.
Be2 d6 9. O-O Bd7 10. Qd2 Ng4 11. Bxg4 Bxg4 12. h3 Bd7 13. Rad1 a6 14. f4 Rc8
15. b3 e5 16. Nxc6 Rxc6 17. f5 f6 18. c5 Qc8 19. Nd5 Rf7 20. cxd6 Bf8 21. fxg6
Rg7 22. Nxf6+ Kh8 23. Bh6 Rxg6 24. Bxf8 Rc2 25. Nxd7 Rxd2 26. Rxd2 Qxd7 27. Kh1
Qb5 28. Rff2 Qd7 29. Be7 Kg7 30. Rf5 Re6 31. Rdf2 Rxe7 32. dxe7 Qxe7 33. Rf7+
Qxf7 34. Rxf7+ Kxf7 35. g4 Kf6 36. h4 Kg6 37. Kg2 b5 38. Kf3 Kf6 39. Ke3 Ke6
40. Kd3 Kd6 41. Kc3 Kc6 42. g5 b4+ 43. Kd3 Kd6 44. Kc4 1-0

[Event "21. Torneo San Viator 2013"]
[Site "Madrid ESP"]
[Date "2013.10.27"]
[Round "6.22"]
[White "Jimenez Elices, Jose Maria"]
[Black "Bustos Bernardo, Samuel"]
[Result "0-1"]
[WhiteElo "1872"]
[BlackElo "1686"]
[PlyCount "78"]
[EventDate "2013.09.29"]
[EventType "swiss"]
[EventRounds "9"]
[EventCountry "ESP"]
[SourceTitle "Ajedrez en Madrid"]
[Source "lmi"]
[SourceDate "2013.09.29"]
[SourceVersion "1"]
[SourceVersionDate "2013.12.25"]
[SourceQuality "1"]

1. e4 c6 2. d4 d5 3. Nc3 dxe4 4. Nxe4 Nd7 5. Nf3 Ngf6 6. Neg5 h6 7. Nh3 Nb6 8.
Nf4 Bg4 9. c3 e6 10. h3 Bxf3 11. Qxf3 Nbd5 12. Bd3 Bd6 13. O-O Qc7 14. Ne2 O-O
15. c4 Nb4 16. Bb1 c5 17. Bxh6 cxd4 18. Nxd4 Be5 19. Be3 Qxc4 20. Rc1 Qd5 21.
Qxd5 Nbxd5 22. Rd1 Rfd8 23. Bc2 Rac8 24. Bb3 Nxe3 25. fxe3 Nd5 26. Kf2 a6 27.
a3 g6 28. Rab1 Rd6 29. Nf3 Bg7 30. e4 Rb6 31. Rd3 Nf4 32. Re3 Rd8 33. e5 Bf8
34. Rc3 Rb5 35. g3 Nd3+ 36. Ke2 Nxe5 37. Bxe6 fxe6 38. Ng5 Nc6 39. Ne4 Bg7 0-1

[Event "21. Torneo San Viator 2013"]
[Site "Madrid ESP"]
[Date "2013.10.27"]
[Round "6.23"]
[White "Barahona Torrijos, Angel"]
[Black "Rodriguez Alonso, Marcos"]
[Result "1-0"]
[WhiteElo "1867"]
[BlackElo "1666"]
[PlyCount "59"]
[EventDate "2013.09.29"]
[EventType "swiss"]
[EventRounds "9"]
[EventCountry "ESP"]
[SourceTitle "Ajedrez en Madrid"]
[Source "lmi"]
[SourceDate "2013.09.29"]
[SourceVersion "1"]
[SourceVersionDate "2013.12.25"]
[SourceQuality "1"]

1. e4 e5 2. Nf3 Nc6 3. Nc3 Nf6 4. Bb5 a6 5. Bxc6 dxc6 6. Nxe5 Nxe4 7. Nxe4 Qd4
8. O-O Qxe5 9. d4 Qd5 10. Re1 Be6 11. Bg5 Be7 12. Bxe7 Kxe7 13. Nc5 b6 14. Re5
Qd6 15. Nxe6 fxe6 16. Qg4 Rae8 17. Qxg7+ Kd8 18. c3 Qe7 19. Qg4 Rhg8 20. Qe4
Rg6 21. Qxc6 Qd7 22. Qe4 Reg8 23. g3 Re8 24. Re1 c6 25. Rh5 Re7 26. Rxh7 Rxh7
27. Qxg6 Re7 28. Qe4 Kc7 29. Qe5+ Kb7 30. c4 1-0

[Event "21. Torneo San Viator 2013"]
[Site "Madrid ESP"]
[Date "2013.10.27"]
[Round "6.24"]
[White "Alonso Vara, Maria"]
[Black "Castro Uceda, Jose Antonio"]
[Result "1-0"]
[WhiteElo "1842"]
[BlackElo "1625"]
[PlyCount "61"]
[EventDate "2013.09.29"]
[EventType "swiss"]
[EventRounds "9"]
[EventCountry "ESP"]
[SourceTitle "Ajedrez en Madrid"]
[Source "lmi"]
[SourceDate "2013.09.29"]
[SourceVersion "1"]
[SourceVersionDate "2013.12.25"]
[SourceQuality "1"]

1. e4 c5 2. Nf3 d6 3. d4 cxd4 4. Nxd4 Nf6 5. Nc3 a6 6. Be3 e5 7. Nb3 Be6 8. f3
d5 9. Bg5 Be7 10. Bxf6 Bxf6 11. exd5 Bf5 12. Bd3 Bxd3 13. Qxd3 O-O 14. Ne4 Nd7
15. O-O Qb6+ 16. Kh1 Rac8 17. c4 Rfd8 18. Rac1 Be7 19. d6 Nb8 20. c5 Qc6 21.
Qc3 Bf6 22. Na5 Qb5 23. Nc4 Nc6 24. Nb6 Rb8 25. Nd5 Nd4 26. Qd2 Kh8 27. Nexf6
gxf6 28. Nxf6 Ne2 29. a4 Ng3+ 30. hxg3 Qb3 31. Rc3 1-0

[Event "21. Torneo San Viator 2013"]
[Site "Madrid ESP"]
[Date "2013.10.27"]
[Round "6.25"]
[White "Cano Mercado, Francisco Manuel"]
[Black "Soto Martin, Miguel"]
[Result "1-0"]
[WhiteElo "1840"]
[BlackElo "1588"]
[PlyCount "130"]
[EventDate "2013.09.29"]
[EventType "swiss"]
[EventRounds "9"]
[EventCountry "ESP"]
[SourceTitle "Ajedrez en Madrid"]
[Source "lmi"]
[SourceDate "2013.09.29"]
[SourceVersion "1"]
[SourceVersionDate "2013.12.25"]
[SourceQuality "1"]

1. d4 Nf6 2. c4 g6 3. Nc3 Bg7 4. e4 d6 5. Be2 O-O 6. Bg5 Nbd7 7. f4 h6 8. Bh4
c5 9. d5 Qa5 10. Qd2 Qb4 11. Nf3 Re8 12. O-O Nb6 13. Nb5 Nxe4 14. Qxb4 cxb4 15.
Nc7 Bg4 16. Nxa8 Nxa8 17. Bd3 Bxf3 18. Rxf3 Nd2 19. Rh3 Bxb2 20. Rd1 Bd4+ 21.
Bf2 Bxf2+ 22. Kxf2 Nxc4 23. Bxc4 Nb6 24. Be2 Kg7 25. Re3 Kf6 26. Rh3 a5 27. a3
Kf5 28. axb4 a4 29. Rc3 Kxf4 30. Rc7 Ke5 31. Bf3 a3 32. Rxb7 Nc4 33. Ra7 Rb8
34. Rxe7+ Kf6 35. Ra7 Rxb4 36. Ra1 Rb2+ 37. Kg3 Rb3 38. Ra4 Ne3 39. R1xa3 Nf5+
40. Kf2 Rb2+ 41. Ke1 Rb1+ 42. Kd2 Rb2+ 43. Kc1 Rb6 44. Rf4 Kg5 45. Rxf5+ Kxf5
46. Ra7 f6 47. Kc2 h5 48. Rc7 h4 49. Rc6 Rb4 50. Rxd6 g5 51. h3 Ke5 52. Re6+
Kf5 53. Kc3 Rb8 54. Kc4 Rc8+ 55. Kd4 Rc7 56. Rc6 Ra7 57. Kc5 Ke5 58. Re6+ Kf4
59. Rxf6+ Ke5 60. Re6+ Kf5 61. Bg4+ Kf4 62. d6 Ra2 63. d7 Rc2+ 64. Kd6 Rd2+ 65.
Ke7 Kg3 1-0

[Event "21. Torneo San Viator 2013"]
[Site "Madrid ESP"]
[Date "2013.10.27"]
[Round "6.26"]
[White "Tevar Sanz, Gonzalo"]
[Black "Pindado Del Carmen, Eliseo"]
[Result "1-0"]
[WhiteElo "1836"]
[BlackElo "1584"]
[PlyCount "55"]
[EventDate "2013.09.29"]
[EventType "swiss"]
[EventRounds "9"]
[EventCountry "ESP"]
[SourceTitle "Ajedrez en Madrid"]
[Source "lmi"]
[SourceDate "2013.09.29"]
[SourceVersion "1"]
[SourceVersionDate "2013.12.25"]
[SourceQuality "1"]

1. d4 Nf6 2. Bf4 e6 3. e3 c5 4. c3 b6 5. Nf3 Bb7 6. Nbd2 d6 7. Bd3 Be7 8. h3
cxd4 9. exd4 Nbd7 10. O-O O-O 11. Re1 Re8 12. Bh2 Qc7 13. Qb3 Qc8 14. Ng5 Qc6
15. f3 d5 16. f4 Bd6 17. Ngf3 Qc7 18. Ne5 a6 19. Ndf3 h6 20. Re2 a5 21. Re3 Ba6
22. Bb1 Bc4 23. Qd1 Re7 24. Bc2 Nh5 25. Qe1 Bxe5 26. fxe5 f5 27. exf6 Nhxf6 28.
Bxc7 1-0

[Event "21. Torneo San Viator 2013"]
[Site "Madrid ESP"]
[Date "2013.10.27"]
[Round "6.27"]
[White "Martinez Montalvo, Eduardo"]
[Black "Nunez Miranda, Mario"]
[Result "1-0"]
[WhiteElo "1823"]
[BlackElo "1304"]
[PlyCount "57"]
[EventDate "2013.09.29"]
[EventType "swiss"]
[EventRounds "9"]
[EventCountry "ESP"]
[SourceTitle "Ajedrez en Madrid"]
[Source "lmi"]
[SourceDate "2013.09.29"]
[SourceVersion "1"]
[SourceVersionDate "2013.12.25"]
[SourceQuality "1"]

1. e4 c5 2. c3 Nc6 3. d4 d5 4. exd5 Qxd5 5. Nf3 g6 6. Be3 Bg4 7. dxc5 Qxd1+ 8.
Kxd1 Ne5 9. Bb5+ Nc6 10. Nbd2 O-O-O 11. Bxc6 bxc6 12. Kc2 Bf5+ 13. Kb3 Kb7 14.
Nd4 Nh6 15. N2f3 Bg7 16. Bxh6 Bxh6 17. Nxf5 gxf5 18. Ne5 Rhf8 19. Rad1 Rxd1 20.
Rxd1 f6 21. Nf3 Ka6 22. Nd4 Rd8 23. Re1 e5 24. Nxf5 Bf8 25. f4 exf4 26. Re6
Bxc5 27. Rxc6+ Kb5 28. Rxf6 a5 29. a4# 1-0

[Event "21. Torneo San Viator 2013"]
[Site "Madrid ESP"]
[Date "2013.10.27"]
[Round "6.28"]
[White "Gutierrez Sanchez, Fernando"]
[Black "Manso Santamaria, Juan Carlos"]
[Result "1-0"]
[WhiteElo "1945"]
[BlackElo "1659"]
[PlyCount "67"]
[EventDate "2013.09.29"]
[EventType "swiss"]
[EventRounds "9"]
[EventCountry "ESP"]
[SourceTitle "Ajedrez en Madrid"]
[Source "lmi"]
[SourceDate "2013.09.29"]
[SourceVersion "1"]
[SourceVersionDate "2013.12.25"]
[SourceQuality "1"]

1. e4 e6 2. d4 d5 3. exd5 exd5 4. Nf3 Bd6 5. c4 dxc4 6. Bxc4 Nf6 7. O-O O-O 8.
Nc3 a6 9. Re1 Bg4 10. Bg5 Nbd7 11. h3 Bh5 12. g4 Bg6 13. Ne5 Re8 14. Nxg6 hxg6
15. Qb3 Rf8 16. Qxb7 Rb8 17. Qxa6 Rxb2 18. Bb3 Nb6 19. Bc1 Rxf2 20. Kxf2 Nxg4+
21. Kg2 Qh4 22. Ne4 Qxe1 23. Qd3 Re8 24. Bc2 Nf2 25. Nxf2 Re2 26. Be3 Rxf2+ 27.
Bxf2 Qxa1 28. Bb3 Qb2 29. Qf3 Qd2 30. Qxf7+ Kh7 31. Qg8+ Kh6 32. Qh8+ Kg5 33.
Qd8+ Kh5 34. Qh4# 1-0

[Event "21. Torneo San Viator 2013"]
[Site "Madrid ESP"]
[Date "2013.10.27"]
[Round "6.29"]
[White "Morona Minguez, Miguel"]
[Black "Magan Gonzalez, Alberto"]
[Result "0-1"]
[WhiteElo "1612"]
[BlackElo "1891"]
[PlyCount "72"]
[EventDate "2013.09.29"]
[EventType "swiss"]
[EventRounds "9"]
[EventCountry "ESP"]
[SourceTitle "Ajedrez en Madrid"]
[Source "lmi"]
[SourceDate "2013.09.29"]
[SourceVersion "1"]
[SourceVersionDate "2013.12.25"]
[SourceQuality "1"]

1. e4 e5 2. Nf3 Nc6 3. Bb5 a6 4. Ba4 Nf6 5. O-O Be7 6. c3 b5 7. Bc2 d6 8. d4
Bg4 9. Be3 exd4 10. cxd4 Nb4 11. Nbd2 O-O 12. a3 Nxc2 13. Qxc2 Qd7 14. Rac1
Rfc8 15. d5 Qe8 16. Nd4 Bd7 17. Nc6 Bxc6 18. Qxc6 Qxc6 19. Rxc6 Nd7 20. Rfc1
Bd8 21. Bf4 Rcb8 22. Nb3 a5 23. R6c2 b4 24. Nd4 Nc5 25. Nc6 Rb7 26. Nxd8 Rxd8
27. Be3 Nxe4 28. Rxc7 Rxc7 29. Rxc7 bxa3 30. bxa3 h6 31. g3 Nf6 32. Ra7 Nxd5
33. Rxa5 Nxe3 34. fxe3 Rc8 35. h4 Rc2 36. Ra6 Re2 0-1

[Event "21. Torneo San Viator 2013"]
[Site "Madrid ESP"]
[Date "2013.10.27"]
[Round "6.31"]
[White "Rendo Quindos, Pedro"]
[Black "Rodriguez Bittar, Karim Javier"]
[Result "0-1"]
[WhiteElo "1607"]
[BlackElo "1741"]
[PlyCount "114"]
[EventDate "2013.09.29"]
[EventType "swiss"]
[EventRounds "9"]
[EventCountry "ESP"]
[SourceTitle "Ajedrez en Madrid"]
[Source "lmi"]
[SourceDate "2013.09.29"]
[SourceVersion "1"]
[SourceVersionDate "2013.12.25"]
[SourceQuality "1"]

1. e4 e5 2. Nf3 Nc6 3. Bc4 Bc5 4. O-O Nf6 5. d3 O-O 6. c3 h6 7. Bb3 d6 8. Bc2
a5 9. d4 exd4 10. cxd4 Ba7 11. Nc3 Bg4 12. h3 Bxf3 13. Qxf3 Nxd4 14. Qd3 Nxc2
15. Qxc2 Qd7 16. Rd1 Rfe8 17. Kh1 Qc6 18. f3 Rad8 19. Qb3 Qb6 20. Qc2 d5 21.
Bf4 Qc5 22. Rac1 c6 23. exd5 Nxd5 24. Nxd5 Rxd5 25. Qxc5 Rxd1+ 26. Rxd1 Bxc5
27. Rd2 Re1+ 28. Kh2 Be3 29. Bxe3 Rxe3 30. Kg3 Re5 31. Rd8+ Kh7 32. Rd7 Rb5 33.
b3 Kg6 34. Kf4 Kf6 35. Ke4 Ke6 36. Rd3 f5+ 37. Ke3 Re5+ 38. Kd2 Rd5 39. f4
Rxd3+ 40. Kxd3 Kd5 41. g4 g6 42. g5 h5 43. a3 b5 44. Ke3 c5 45. Kd3 c4+ 46.
bxc4+ bxc4+ 47. Kc3 Kc5 48. h4 a4 49. Kd2 Kd4 50. Kc2 c3 51. Kc1 Kc5 52. Kd1
Kd4 53. Kc2 Kc4 54. Kb1 Kd3 55. Kc1 c2 56. Kb2 Kd2 57. Ka2 c1=N+ 0-1

[Event "21. Torneo San Viator 2013"]
[Site "Madrid ESP"]
[Date "2013.10.27"]
[Round "6.32"]
[White "San Felipe Gonzalez, Tomas"]
[Black "Lopez Ziegler, Juan Jose"]
[Result "1-0"]
[WhiteElo "1732"]
[BlackElo "1523"]
[PlyCount "73"]
[EventDate "2013.09.29"]
[EventType "swiss"]
[EventRounds "9"]
[EventCountry "ESP"]
[SourceTitle "Ajedrez en Madrid"]
[Source "lmi"]
[SourceDate "2013.09.29"]
[SourceVersion "1"]
[SourceVersionDate "2013.12.25"]
[SourceQuality "1"]

1. c4 c5 2. b3 Nf6 3. Bb2 Nc6 4. Nf3 d6 5. e3 e5 6. Nc3 e4 7. Ng5 Bf5 8. d3
exd3 9. Bxd3 Bg4 10. Be2 Bxe2 11. Qxe2 h6 12. Nh3 Be7 13. Nf4 O-O 14. O-O Nd7
15. Rfd1 Re8 16. Nb5 Qb8 17. Qg4 Nde5 18. Qg3 a6 19. Nc3 Bf8 20. Ne4 Qd8 21.
Nxc5 Qb6 22. Ne4 Qd8 23. Nh5 Re6 24. Nf4 Re8 25. c5 Nd3 26. Nf6+ Kh8 27. Rxd3
gxf6 28. cxd6 Re6 29. Nxe6 fxe6 30. Qg6 Bg7 31. Qe4 e5 32. Rad1 Qd7 33. Rd5 a5
34. a3 Nd8 35. Rc1 Ne6 36. Qf5 Qf7 37. Rxe5 1-0

[Event "21. Torneo San Viator 2013"]
[Site "Madrid ESP"]
[Date "2013.10.27"]
[Round "6.33"]
[White "Mateos Cordero, Francisco"]
[Black "Moreno Zamora, Gregorio"]
[Result "0-1"]
[WhiteElo "1601"]
[BlackElo "1704"]
[PlyCount "86"]
[EventDate "2013.09.29"]
[EventType "swiss"]
[EventRounds "9"]
[EventCountry "ESP"]
[SourceTitle "Ajedrez en Madrid"]
[Source "lmi"]
[SourceDate "2013.09.29"]
[SourceVersion "1"]
[SourceVersionDate "2013.12.25"]
[SourceQuality "1"]

1. d4 d5 2. Nf3 Nf6 3. c4 e6 4. Nc3 c6 5. e3 Bd6 6. Be2 dxc4 7. Bxc4 b5 8. Bd3
Nbd7 9. Qc2 Bb7 10. O-O a6 11. Ng5 Bxh2+ 12. Kxh2 Ng4+ 13. Kg1 Qxg5 14. f3 Nh6
15. e4 Qe7 16. a3 c5 17. d5 Rc8 18. Qf2 Ne5 19. Bb1 Ng8 20. Bf4 Ng6 21. Bg3 e5
22. Nd1 f6 23. Ne3 Nh6 24. Ba2 Qd6 25. Rad1 Rc7 26. Qd2 Ke7 27. Kf2 Bc8 28. Rh1
Nf7 29. Nf5+ Bxf5 30. exf5 Nf8 31. f4 Nd7 32. Rhe1 Kd8 33. Re4 Re8 34. Rde1 c4
35. R4e2 Nc5 36. fxe5 Nxe5 37. Bxe5 Rxe5 38. Rxe5 Nd3+ 39. Qxd3 cxd3 40. Re8+
Kd7 41. Rg8 Rc2+ 42. Kg1 Qc5+ 43. Kh1 Rc1 0-1

[Event "21. Torneo San Viator 2013"]
[Site "Madrid ESP"]
[Date "2013.10.27"]
[Round "6.34"]
[White "Valdes Sanchez, Jesus Manuel"]
[Black "Benitez Cadenas, Luis Miguel"]
[Result "0-1"]
[WhiteElo "1567"]
[BlackElo "1702"]
[PlyCount "54"]
[EventDate "2013.09.29"]
[EventType "swiss"]
[EventRounds "9"]
[EventCountry "ESP"]
[SourceTitle "Ajedrez en Madrid"]
[Source "lmi"]
[SourceDate "2013.09.29"]
[SourceVersion "1"]
[SourceVersionDate "2013.12.25"]
[SourceQuality "1"]

1. c4 e5 2. Nc3 Nf6 3. e4 Bb4 4. d4 Bxc3+ 5. bxc3 Nxe4 6. dxe5 Qe7 7. Qd4 Nc5
8. Ba3 b6 9. Bxc5 bxc5 10. Qe3 Nc6 11. Nf3 O-O 12. Bd3 f6 13. e6 dxe6 14. Qe4
f5 15. Qxc6 Bd7 16. Qa6 e5 17. Nd2 Qg5 18. Qb7 e4 19. Qd5+ Kh8 20. Bxe4 Rad8
21. Nf3 Qf6 22. Ne5 fxe4 23. Nxd7 Qxf2+ 24. Kd1 Rf7 25. Qxe4 Rfxd7+ 26. Kc1
Qd2+ 27. Kb1 Rb8+ 0-1

[Event "21. Torneo San Viator 2013"]
[Site "Madrid ESP"]
[Date "2013.10.27"]
[Round "6.35"]
[White "Saribekyan, Garnik"]
[Black "Sancho Castiello, Federico"]
[Result "0-1"]
[WhiteElo "1693"]
[BlackElo "2140"]
[PlyCount "76"]
[EventDate "2013.09.29"]
[EventType "swiss"]
[EventRounds "9"]
[EventCountry "ESP"]
[SourceTitle "Ajedrez en Madrid"]
[Source "lmi"]
[SourceDate "2013.09.29"]
[SourceVersion "1"]
[SourceVersionDate "2013.12.25"]
[SourceQuality "1"]

1. e4 c5 2. Nf3 e6 3. d4 cxd4 4. Nxd4 Nc6 5. Nc3 a6 6. Be2 Qc7 7. O-O b5 8.
Nxc6 Qxc6 9. f4 b4 10. Nb1 Bc5+ 11. Kh1 Bb7 12. Bf3 Ne7 13. b3 O-O 14. Bb2 Qc7
15. g3 d5 16. Nd2 Rfd8 17. Bg2 dxe4 18. Qg4 Bd4 19. Bxd4 Rxd4 20. Nc4 Rad8 21.
Rae1 f5 22. Qh5 Bd5 23. Ne3 Bc6 24. Rd1 g6 25. Qg5 Bb5 26. Qf6 R4d6 27. Rxd6
Rxd6 28. Re1 Nd5 29. Nxd5 exd5 30. Qe5 Qc3 31. Qxc3 bxc3 32. a4 Bc6 33. Bf1 a5
34. Kg1 d4 35. Bc4+ Bd5 36. Bb5 d3 37. Rc1 d2 38. Rd1 Bxb3 0-1

[Event "21. Torneo San Viator 2013"]
[Site "Madrid ESP"]
[Date "2013.10.27"]
[Round "6.36"]
[White "Perez Gonzalez, Daniel"]
[Black "Sorribes Calle, Pablo"]
[Result "0-1"]
[WhiteElo "1546"]
[BlackElo "1682"]
[PlyCount "64"]
[EventDate "2013.09.29"]
[EventType "swiss"]
[EventRounds "9"]
[EventCountry "ESP"]
[SourceTitle "Ajedrez en Madrid"]
[Source "lmi"]
[SourceDate "2013.09.29"]
[SourceVersion "1"]
[SourceVersionDate "2013.12.25"]
[SourceQuality "1"]

1. e4 c5 2. Nf3 e6 3. d4 cxd4 4. Nxd4 Nc6 5. Nc3 a6 6. a4 Qc7 7. g3 Nf6 8. Bg2
Bb4 9. O-O O-O 10. Bg5 Be7 11. Nb3 h6 12. Be3 b6 13. f4 d6 14. Qd2 Ng4 15. Kh1
Nxe3 16. Qxe3 Bb7 17. g4 Rad8 18. Qg3 Nb4 19. Rac1 d5 20. exd5 Nxd5 21. Nxd5
Bxd5 22. Bxd5 Rxd5 23. c3 Re8 24. Nd4 b5 25. axb5 axb5 26. b4 Bf6 27. Qe3 Qb7
28. Qe4 Qc8 29. Rc2 Qc4 30. Rb1 Rb8 31. Rbc1 e5 32. Nf5 Qxe4+ 0-1

[Event "21. Torneo San Viator 2013"]
[Site "Madrid ESP"]
[Date "2013.10.27"]
[Round "6.39"]
[White "Herreros Lucas, Jose Luis"]
[Black "Gil Calvente, Jose Antonio"]
[Result "0-1"]
[WhiteElo "1501"]
[BlackElo "1661"]
[PlyCount "48"]
[EventDate "2013.09.29"]
[EventType "swiss"]
[EventRounds "9"]
[EventCountry "ESP"]
[SourceTitle "Ajedrez en Madrid"]
[Source "lmi"]
[SourceDate "2013.09.29"]
[SourceVersion "1"]
[SourceVersionDate "2013.12.25"]
[SourceQuality "1"]

1. Nf3 Nf6 2. d4 c5 3. dxc5 Nc6 4. Be3 e5 5. Nc3 Ng4 6. Qd2 Qa5 7. Ne4 Nxe3 8.
fxe3 Qxd2+ 9. Nfxd2 f5 10. Nd6+ Bxd6 11. cxd6 Nb4 12. Kd1 Nd5 13. e4 Ne3+ 14.
Kc1 O-O 15. b3 fxe4 16. Kb2 b6 17. Nxe4 Bb7 18. Nd2 Rac8 19. Rc1 Rf6 20. Nf3 e4
21. Nd4 Rxd6 22. Nb5 Rd2 23. Nc3 d5 24. Ka3 Rxc3 0-1

[Event "21. Torneo San Viator 2013"]
[Site "Madrid ESP"]
[Date "2013.10.27"]
[Round "6.40"]
[White "Del Noval Nemeshazi, Nesztor"]
[Black "Linares Leyva, David"]
[Result "0-1"]
[WhiteElo "1402"]
[BlackElo "1852"]
[PlyCount "78"]
[EventDate "2013.09.29"]
[EventType "swiss"]
[EventRounds "9"]
[EventCountry "ESP"]
[SourceTitle "Ajedrez en Madrid"]
[Source "lmi"]
[SourceDate "2013.09.29"]
[SourceVersion "1"]
[SourceVersionDate "2013.12.25"]
[SourceQuality "1"]

1. d4 Nf6 2. c4 e6 3. Nc3 d5 4. e3 Nbd7 5. Nf3 b6 6. Be2 Bb7 7. O-O Be7 8. b3
O-O 9. Bb2 c5 10. Rc1 Rc8 11. Qd2 dxc4 12. Bxc4 cxd4 13. Nxd4 Nc5 14. Rfd1 Qc7
15. Qe2 Rfd8 16. Ndb5 Qb8 17. b4 Nce4 18. Nxe4 Nxe4 19. Rxd8+ Rxd8 20. a3 Rd2
21. Qg4 Rxb2 22. Bxe6 Rxf2 23. Rc8+ Bxc8 24. Qxe4 Rf6 25. Bxc8 Qxc8 26. h3 Re6
27. Qf3 Bd6 28. Nxd6 Rxd6 29. Kh2 Rd8 30. b5 Qc7+ 31. Kg1 Qc1+ 32. Kh2 Qxa3 33.
Qb7 Qd6+ 34. Kg1 Qd7 35. Qa6 Qc7 36. e4 h6 37. h4 Rd4 38. h5 Rxe4 39. Kh1 Re1#
0-1

[Event "21. Torneo San Viator 2013"]
[Site "Madrid ESP"]
[Date "2013.10.27"]
[Round "6.41"]
[White "Tevar Becerra, Alvaro"]
[Black "Perez Mondejar, Adler"]
[Result "1/2-1/2"]
[WhiteElo "1647"]
[BlackElo "1439"]
[PlyCount "38"]
[EventDate "2013.09.29"]
[EventType "swiss"]
[EventRounds "9"]
[EventCountry "ESP"]
[SourceTitle "Ajedrez en Madrid"]
[Source "lmi"]
[SourceDate "2013.09.29"]
[SourceVersion "1"]
[SourceVersionDate "2013.12.25"]
[SourceQuality "1"]

1. e4 c5 2. Nf3 d6 3. Bb5+ Bd7 4. Bxd7+ Qxd7 5. O-O g6 6. c3 Bg7 7. d4 cxd4 8.
cxd4 e6 9. Nc3 Ne7 10. Bf4 a6 11. Rc1 O-O 12. Qb3 b5 13. Qb4 Rd8 14. d5 e5 15.
Bd2 f5 16. Bg5 f4 17. Bxe7 Qxe7 18. a4 bxa4 19. Nxa4 Nd7 1/2-1/2

[Event "21. Torneo San Viator 2013"]
[Site "Madrid ESP"]
[Date "2013.10.27"]
[Round "6.42"]
[White "Martin Rodriguez, Jose Luis"]
[Black "Moreno Sanchez, Guillermo"]
[Result "0-1"]
[WhiteElo "1412"]
[BlackElo "1621"]
[PlyCount "72"]
[EventDate "2013.09.29"]
[EventType "swiss"]
[EventRounds "9"]
[EventCountry "ESP"]
[SourceTitle "Ajedrez en Madrid"]
[Source "lmi"]
[SourceDate "2013.09.29"]
[SourceVersion "1"]
[SourceVersionDate "2013.12.25"]
[SourceQuality "1"]

1. e4 c5 2. Nf3 d6 3. d4 cxd4 4. Nxd4 Nf6 5. Nc3 a6 6. f4 g6 7. Be2 Bg7 8. Be3
O-O 9. g4 e6 10. g5 Ne8 11. Qd2 e5 12. Nf3 exf4 13. Bxf4 Nc6 14. O-O-O Be6 15.
h4 f5 16. Bxd6 Nxd6 17. Qxd6 Qxd6 18. Rxd6 fxe4 19. Nxe4 Bg4 20. Bc4+ Kh8 21.
Nfd2 Bf5 22. Bd5 Be5 23. Rf6 Bxf6 24. Nxf6 Rad8 25. Re1 Kg7 26. Bxc6 bxc6 27.
Re7+ Rf7 28. Re5 Rxf6 29. Re7+ Rf7 30. Re5 Rfd7 31. Re2 Bg4 32. Rf2 Re7 33. Rf1
Re2 34. Rd1 Rh2 35. Rg1 Rhxd2 36. Re1 Rd1+ 0-1